[Event "Ptuj zt"]
[Site "Ptuj"]
[Date "1995.??.??"]
[Round "8"]
[White "Kortschnoj, Viktor Lvovich"]
[Black "Mohr, Georg"]
[Result "1-0"]
[WhiteElo "2635"]
[BlackElo "2430"]
[Annotator "Stohl,I"]
[PlyCount "59"]
[EventDate "1995.04.??"]
[EventType "tourn"]
[EventRounds "15"]
[EventCountry "SLO"]
[EventCategory "10"]
[SourceTitle "CBM 047"]
[Source "ChessBase"]
[SourceDate "1995.08.01"]
[SourceVersion "1"]
[SourceVersionDate "1995.08.01"]
[SourceQuality "1"]

1. d4 Nf6 2. c4 e5 3. dxe5 Ng4 4. Bf4 Bb4+ 5. Nc3 $5 (5. Nd2 Nc6 6. Ngf3 Qe7 7.
e3 Ngxe5 8. Nxe5 Nxe5 9. Be2 O-O 10. O-O a5 $5 11. Nb3 a4 12. a3 Bd6 13. Nd4
Bc5 14. Nb5 d6 15. Nc3 Ng6 16. Bg3 f5 17. Bf3 (17. Nxa4 $2 Rxa4 $1 18. Qxa4 f4
$17) 17... Qe8 18. Qc2 Ne5 19. Be2 Be6 20. Nb5 Qf7 $15 {Mikhalevski,V-Chabanon,
JL/Bad Endbach/1995/}) 5... Bxc3+ 6. bxc3 Nc6 7. Nf3 Qe7 8. Qd5 f6 9. exf6 (9.
e6 dxe6 10. Qh5+ g6 11. Qxg4 e5 $44 {@}) 9... Nxf6 10. Qd3 d6 11. g3 (11. e3
Ne4 12. Qc2 Nc5 13. Be2 O-O 14. Nd4 Ne5 15. O-O Qf7 16. Bg3 Bd7 17. Rad1 Nxc4
18. Nb3 Bf5 19. Qc1 Ne4 20. Nd4 Bd7 21. Qc2 Nc5 22. Nb3 Bf5 $10 {Dolmatov,
S-Malaniuk,V/URS-ch53 Kiev/1986/}) 11... b6 (11... O-O $142 12. Bg2 Bg4 13. O-O
Rae8 14. Rae1 Kh8 15. Nd4 Na5 16. Bg5 Qe5 17. Bxf6 Rxf6 18. e3 Bh5 19. Nb3 Bg6
20. Qd4 Nc6 21. Qd2 Qe7 22. e4 Bf7 23. Qe2 Qe6 24. c5 Qc4 25. Qd2 a5 $44 {
Dlugy,M-Epishin,V/New York op/1989/}) 12. Bg2 Bb7 13. O-O Na5 (13... O-O 14.
Nd4 Na5 15. Nb3 $14) 14. Nd2 Bxg2 15. Kxg2 Qe6 (15... O-O $5 16. Bg5 (16. Nb3
Nc6 17. Bg5 Ne5 $132) 16... Kh8 $5 $14 (16... h6 17. Bxf6 Qxf6 18. Nb3 $1 $16))
16. Bg5 Nd7 (16... O-O 17. Bxf6 Rxf6 (17... Qxf6 18. Nb3 $16) 18. Qd5 (18. Ne4
$6 Rg6 19. Qd5 Re8 $36) 18... Re8 19. e4 $16 {פa5}) 17. Qd5 $1 Kf7 $8 (17...
Qxd5+ 18. cxd5 h6 19. Be3 {/\Bd4+-}) 18. Qf3+ Kg6 $5 (18... Nf6 19. Bxf6 Qxf6
20. Qd3 $16 {->,עf7,פa5}) 19. h4 Rae8 (19... Nxc4 $2 20. Qd3+ $18) 20. e4 h6
$6 (20... Ne5 $1 21. Qe2 h6 22. f4 Qg4 $1 $13) 21. Bf4 Nf6 (21... Ne5 22. Bxe5
Qxe5 23. Qd3 $40) (21... Nxc4 $2 22. Nxc4 Qxc4 23. Qg4+ $18) 22. Qd3 Kf7 23.
Rae1 g5 $5 (23... Nd7 24. Qd5 $16) 24. e5 $1 $8 gxf4 (24... dxe5 25. Bxe5 Rd8
26. Qc2 $40) 25. exf6 Qxf6 26. Ne4 Qd8 $2 (26... Qg6 $8 27. Qf3 Nxc4 (27...
Rhf8 28. Qxf4+ Kg7 29. Qe3 $16 {/\} Nxc4 30. Qd4+ Ne5 31. f4) 28. Qxf4+ Kg7 29.
h5 Qf7 30. Qg4+ Kf8 $1 $14) 27. Qf3 $18 Rhf8 28. Qxf4+ Kg7 29. Qg4+ Kh8 (29...
Kh7 30. h5 Rg8 31. Qf5+ Kh8 32. Nf6 $18) 30. Qg6 1-0

[Event "Ptuj zt"]
[Site "Ptuj"]
[Date "1995.??.??"]
[Round "14"]
[White "Kortschnoj, Viktor Lvovich"]
[Black "Robatsch, Karl"]
[Result "1-0"]
[WhiteElo "2635"]
[BlackElo "2410"]
[Annotator "Ribli,Z"]
[PlyCount "83"]
[EventDate "1995.04.??"]
[EventType "tourn"]
[EventRounds "15"]
[EventCountry "SLO"]
[EventCategory "10"]
[SourceTitle "CBM 047"]
[Source "ChessBase"]
[SourceDate "1995.08.01"]
[SourceVersion "1"]
[SourceVersionDate "1995.08.01"]
[SourceQuality "1"]

1. c4 {Kortschnoj} Nf6 2. Nc3 e6 3. e4 d5 4. e5 d4 5. exf6 dxc3 6. bxc3 Qxf6 7.
Nf3 $5 {Das ist ein interessanter Versuch.} (7. d4 {Kortschnoj} e5 8. Nf3 exd4)
7... e5 (7... c5 8. d4 $14 {Das ist ein Uebergang zu normaler alter
Hauptvariante.}) 8. Bd3 Bf5 $6 (8... Bd6 9. O-O Na6 (9... O-O 10. Be4 $1 Nc6
11. Qc2 (11. d4 $14 {Kortschnoj}) 11... Kh8 12. Rb1 Qe7 13. Re1 $14 {Weiss hat
eine starke Initiative (b-und e-Linie und starken e4 Laeufer).}) 10. Ba3 Bg4
11. Bxd6 Qxd6 12. Qa4+ Kf8 13. Be4 Nc5 14. Qc2 Re8 15. Rfe1 g6 $13 {Milos,
G-Tal,M/Buenos Aires Najdorf/1991/CBM24/INF51,(18)/}) 9. Bxf5 Qxf5 10. O-O Nd7
(10... e4 {Kortschnoj} 11. Re1 Be7 12. Qc2 $16) 11. d4 O-O-O {Was sonst ?} (
11... Bd6 12. c5 Be7 13. Re1 $16) (11... Be7 12. Re1 $16) 12. Be3 exd4 (12...
g5 $5 {Kortschnoj}) 13. cxd4 Nc5 14. Rb1 $1 {Weiss besitzt eine starke
Initiative (b-Linie).} Be7 15. Nd2 Ne4 $2 {Schwarz verliert nun einen Bauern
forciert, aber seine Lage ist ohnehin nicht rosig.} (15... Ne6 16. d5 Nc5 17.
Nb3 $16) 16. Rb5 $1 Qg6 (16... c5 17. Qb1 $18) 17. Nxe4 Qxe4 18. Qa4 $1 {
Droht /\ Re5.} (18. Re5 $2 {Kortschnoj} Qxe5 $10) 18... Qe6 19. Qxa7 (19. Re5 {
Kortschnoj} Qd6 20. c5 Qd7 21. Qxa7 $18) 19... Qa6 20. Qxa6 bxa6 21. Ra5 Kd7
22. g3 Bb4 $2 {Verliert noch einen Bauern und verkuerzt die Partie.} (22... Ra8
{Kortschnoj}) 23. Rxa6 Ra8 24. Rxa8 Rxa8 25. Rb1 $1 Bc3 26. Rc1 Bb4 (26... Bb2
27. Rc2 Rxa2 28. Kg2 $1 $18 {/\ Bc1}) 27. Rc2 c6 28. Kf1 h6 29. Ke2 Ke6 30. Bc1
Ra7 31. Kd3 Bd6 32. h3 h5 33. a3 Kf5 (33... Bxa3 34. Ra2 Bc5 35. Re2+ $18) 34.
c5 Bc7 35. Re2 Bd8 36. Re5+ Kg6 37. Re8 Rd7 38. Be3 Kf5 39. a4 Be7 40. a5 f6
41. Kc4 Ra7 42. Bf4 {Ribli} 1-0

[Event "Madrid"]
[Site "Madrid"]
[Date "1995.??.??"]
[Round "1"]
[White "Kortschnoj, Viktor Lvovich"]
[Black "Beliavsky, Alexander G"]
[Result "1-0"]
[WhiteElo "2635"]
[BlackElo "2650"]
[Annotator "Huebner,R"]
[PlyCount "67"]
[EventDate "1995.05.??"]
[EventType "tourn"]
[EventRounds "9"]
[EventCountry "ESP"]
[EventCategory "16"]
[SourceTitle "CBM 047"]
[Source "ChessBase"]
[SourceDate "1995.08.01"]
[SourceVersion "1"]
[SourceVersionDate "1995.08.01"]
[SourceQuality "1"]

1. c4 {Ftacnik} c6 2. Nf3 d5 3. d4 Nf6 4. Nc3 dxc4 5. a4 Bf5 6. Ne5 e6 7. f3
Bb4 8. e4 Bxe4 9. fxe4 Nxe4 10. Bd2 Qxd4 11. Nxe4 Qxe4+ 12. Qe2 Bxd2+ 13. Kxd2
Qd5+ 14. Kc3 O-O (14... b5 15. Rd1 Qc5 16. axb5 cxb5 17. Qe4 (17. Nxf7 b4+ 18.
Kc2 Qf5+ 19. Kc1 Kxf7 $13) 17... O-O 18. Qxa8 (18. Kc2 Na6 19. Nd7 Nb4+ 20. Kb1
Qc7 $13) 18... Qxe5+ 19. Kc2 Qc7 {Levitt} 20. Qf3 Nc6 21. Kb1 $16 {Hübner, Inf.
54/363}) (14... Na6 15. Nxc4 O-O (15... O-O-O 16. Qe3 Kb8 {>= 16...Sc5 Milos,
Inf. 50/408} 17. Qg3+ Nc7 {17...Ka8 18.Dg7+/- Milos, Inf. 50/408} 18. Be2 b5
$13 {Milos-Godena, Novi Sad (ol) 1990, Inf. 50/408}) 16. Qe5 Nc5 17. Be2 f6 18.
Qe3 b5 {>= 18...Dg2 19.Thg1 De4 20.Dc5 De2 Sakaev, Inf. 54/362} 19. Rhd1 b4+
20. Kxb4 Rab8+ 21. Ka3 Qf5 22. Na5 $18 {Sakaev-Schwartzmann, Dortmund (Open)
1992, Inf. 54/362}) 15. Qe3 (15. Nxc4 b5 16. Ne5 b4+ 17. Kc2 b3+ 18. Kc3 Na6
19. Qe3 Nc5 20. Bd3 Rab8 21. Nc4 $13 {Van Wely-Lelchuk, Helsinki 1992, CBM 32}
(21. Nc4 {Ftacnik} Nxd3 22. Qxd3 Qc5 23. Qd6 Qf2 24. Rac1 {Van Wely,L-Lelchuk,
Z/Helsinki op (01)/1992/1-0 (41)})) 15... f6 (15... b5 16. axb5 (16. Be2 f6 (
16... Nd7 {Ftacnik} 17. Nxd7 Qxd7 18. Bf3 Rac8 19. Rhd1 Qe7 20. Kc2 a6 21. Qe5
Qb4 22. Qc3 Qc5 23. Qd4 Qf5+ 24. Be4 {Piket,J-Kramnik,V/Monaco blind (08)/1995/
0.5 (37)}) 17. Nf3 (17. Nxc4 bxc4 18. Bxc4 Qa5+ 19. b4 Qc7 20. Qxe6+ Kh8 21.
Rhd1 a5 $2 (21... a6 $5) 22. b5 cxb5 23. axb5 Na6 24. bxa6 {Cvitan,O-Hector,J/
Geneva op (08)/1995/1-0 (38)}) 17... Nd7 18. Rhd1 Nb6 19. axb5 cxb5 20. Qxb6
axb6 21. Rxd5 exd5 22. Rxa8 Rxa8 23. Nd4 $44 {Hertneck-Haba, Deutschland 1993,
Inf. 57/373} (23. Nd4 Re8 24. Bf3 {Hertneck,G-Haba,P/BRD/1993/1-0 (54)})) 16...
cxb5 17. Be2 Nd7 18. Nxd7 Qxd7 19. Bf3 Rac8 20. Rxa7 b4+ 21. Kc2 Qb5 $10 {
Gel'fand-Hübner, München 1992, Inf. 54/363}) 16. Nxc4 b5 17. Nd2 Nd7 18. Be2
Ne5 $146 (18... Rab8 19. Bf3 Qd6 20. Kc2 $14 {Ward-Summerscale, BCF-ch/1994/ ;
TD 94/03}) (18... Qxg2 {Ftacnik} 19. Qxe6+ Kh8 20. Rhg1 Qd5 21. Qxd5 cxd5 22.
Bxb5 $16) 19. Nf3 Nc4 20. Qd4 e5 $2 (20... Nb6 21. axb5 (21. a5 $6 c5) 21...
cxb5 22. Qxd5 Nxd5+ 23. Kb3 Nf4 $13) 21. Qxc4 $18 (21. Qxd5+ {Ftacnik} cxd5 22.
axb5 Rfc8 $132) 21... bxc4 22. Bxc4 Rf7 (22... Rab8 {Ftacnik} 23. b4 Rfc8 24.
Rhd1 $16) 23. Bxd5 cxd5 24. b4 Rc7+ 25. Kb3 Rac8 26. a5 d4 (26... Rc2 {Ftacnik}
27. Rhg1 $16) 27. Nd2 Rc2 (27... f5 28. Nf3 $18) 28. Ne4 (28. Rhd1 {Ftacnik}
R8c3+ 29. Ka4 Rd3 30. Ne4 Rxd1 31. Rxd1 Rxg2 $13) 28... f5 (28... Rxg2 29. Rac1
$18 Rb8 {Ftacnik} 30. Rc7 Ra8 31. b5 $16) 29. Nd6 (29. Nc5 {Ftacnik} Rxg2 $13)
29... R8c3+ 30. Ka4 d3 (30... Rxg2 {Ftacnik} 31. Rhe1 e4 32. Nxf5 d3 33. Rxe4
$16) 31. Rhd1 d2 (31... e4 32. Nxf5 d2 33. Ra3 $18) (31... Rxg2 {Ftacnik} 32.
Nb5 (32. Nxf5 e4 33. Nd6 Re2 $132) 32... Rcc2 33. Nxa7 $5 (33. Rxd3 a6 34. Na3
$14) 33... e4 34. Nb5 $16) 32. Ra3 Rxa3+ (32... Rc6 {Ftacnik} 33. Nxf5 (33. Rd3
$6 e4 34. R3xd2 Rxd2 35. Rxd2 e3 36. Rd3 e2 37. Re3 Rxd6 38. Rxe2 $14)) 33.
Kxa3 e4 34. Kb3 1-0

[Event "Madrid"]
[Site "Madrid"]
[Date "1995.??.??"]
[Round "4"]
[White "Kortschnoj, Viktor Lvovich"]
[Black "Short, Nigel D"]
[Result "1-0"]
[WhiteElo "2635"]
[BlackElo "2655"]
[Annotator "Kortschnoj,V"]
[PlyCount "71"]
[EventDate "1995.05.??"]
[EventType "tourn"]
[EventRounds "9"]
[EventCountry "ESP"]
[EventCategory "16"]
[SourceTitle "CBM 047"]
[Source "ChessBase"]
[SourceDate "1995.08.01"]
[SourceVersion "1"]
[SourceVersionDate "1995.08.01"]
[SourceQuality "1"]

1. d4 Nf6 2. c4 e6 3. Nc3 Bb4 4. e3 b6 5. Nge2 Ba6 6. Ng3 c5 7. d5 O-O 8. e4
$14 Re8 (8... exd5 9. cxd5 Nxe4 $2 10. Ngxe4 Re8 11. Bxa6 Bxc3+ 12. bxc3 Nxa6
13. Qa4 $18) 9. f3 d6 10. Be2 exd5 11. cxd5 Bxe2 12. Ngxe2 b5 13. O-O a6 14. a4
$1 Nbd7 $6 {14...ba 15.Sa4+=,14...Lc3!? 15.bc Sbd7+=} 15. axb5 Qb6 16. bxa6
Rxa6 (16... Ne5 $6 17. Qa4 c4+ 18. Kh1 Nd3 19. Qb5 $1 $16) 17. Rxa6 Qxa6 18.
Ng3 $6 (18. Bg5 $1 $16) 18... Ne5 19. Bg5 Nfd7 20. f4 Nc4 $1 (20... Nd3 21. Qg4
Nf8 22. Nh5 $36) 21. Qe2 f6 22. Bh4 Bxc3 23. bxc3 Qa4 $13 24. Rb1 Ncb6 $6 (
24... Ndb6 25. Bxf6 Nxd5 26. Bxg7 Nxf4 27. Qg4 Ne3 28. Qxf4 Qc2 29. Qxe3 Qxb1+
$10) 25. h3 g6 (25... Nxd5 $2 26. Qd2 $16) 26. Qg4 (26. Kh2 f5 $13) 26... Qc2
27. Rxb6 $2 (27. Ra1 Qxc3 28. Ra7 Re7 29. e5 $1 dxe5 30. Nf5 $36) 27... Nxb6
28. Bxf6 Kf7 (28... Rxe4 29. Nxe4 Qxe4 30. Qe6+ Qxe6 31. dxe6 Nd5 32. Bg5 Nxc3
$10) 29. Qh4 h6 $4 {29...Sd5 30.ed? Te1 31.Kh2 Df2-+,30.Dh7 Kf6 31.Sh5! gh 32.
e5 de 33.fe Te5 34.. Dc2+-,31...Ke6 32.ed Kd5 33.Df7 Te6 34.Sf6 Kc6 35.De6 Dc1
36.Kf2+-,29...Te4! 30.Se4 De4 31.Ld8 Sd5 32.Dh7 Kf8! 33.Lg5 Se3 34.Dh8 Kf7 35.
Dh7 Kf8=} 30. f5 $18 Rg8 31. Bd8 $1 Qd1+ 32. Kh2 g5 33. Qxh6 Rxd8 34. f6 Rg8
35. Qh7+ Kxf6 36. Qxg8 1-0

[Event "Madrid"]
[Site "Madrid"]
[Date "1995.??.??"]
[Round "7"]
[White "San Segundo Carrillo, Pablo"]
[Black "Kortschnoj, Viktor Lvovich"]
[Result "0-1"]
[WhiteElo "2480"]
[BlackElo "2635"]
[PlyCount "72"]
[EventDate "1995.05.??"]
[EventType "tourn"]
[EventRounds "9"]
[EventCountry "ESP"]
[EventCategory "16"]
[SourceTitle "CBM 047"]
[Source "ChessBase"]
[SourceDate "1995.08.01"]
[SourceVersion "1"]
[SourceVersionDate "1995.08.01"]
[SourceQuality "1"]

1. d4 Nf6 2. c4 e6 3. Nf3 b6 4. a3 Bb7 5. Nc3 g6 6. Qc2 Bxf3 7. gxf3 Nc6 8. e3
Bg7 9. d5 Ne7 10. e4 O-O 11. Bg5 d6 12. dxe6 fxe6 13. h4 Nc6 14. O-O-O Qe8 15.
Kb1 Nh5 16. Be3 a6 17. Ne2 Rb8 18. f4 Bh6 19. Qc1 Qf7 20. Bh3 Nxf4 21. Nxf4
Bxf4 22. h5 g5 23. h6 Kh8 24. Rdg1 Rg8 25. Rxg5 Bxg5 26. Bxg5 Qg6 27. f4 Rbf8
28. Ka2 e5 29. Bf5 Qf7 30. Qc3 b5 31. Rc1 Nd4 32. fxe5 Ne2 33. Qe3 Nxc1+ 34.
Qxc1 Qxc4+ 35. Qxc4 bxc4 36. Bf4 Rxf5 0-1

[Event "Madrid"]
[Site "Madrid"]
[Date "1995.??.??"]
[Round "8"]
[White "Kortschnoj, Viktor Lvovich"]
[Black "Epishin, Vladimir"]
[Result "1-0"]
[WhiteElo "2635"]
[BlackElo "2635"]
[Annotator "Ftacnik,L"]
[PlyCount "95"]
[EventDate "1995.05.??"]
[EventType "tourn"]
[EventRounds "9"]
[EventCountry "ESP"]
[EventCategory "16"]
[SourceTitle "CBM 047"]
[Source "ChessBase"]
[SourceDate "1995.08.01"]
[SourceVersion "1"]
[SourceVersionDate "1995.08.01"]
[SourceQuality "1"]

1. d4 Nf6 2. Nf3 d5 3. c4 c6 4. Nc3 a6 5. Ne5 g6 6. cxd5 (6. g3 Bg7 7. Bg2 dxc4
8. Nxc4 Be6 9. Ne5 O-O 10. O-O Nbd7 11. Nd3 Nd5 12. e4 Nxc3 13. bxc3 Bc4 14.
Qc2 c5 15. Be3 cxd4 16. cxd4 Rc8 17. Rfc1 b5 18. Nb2 Nb6 19. Qd2 Qd7 20. d5 Qd6
21. f4 e5 22. f5 gxf5 23. Qf2 fxe4 24. Bxb6 {Browne,W-Christiansen,L/USA-ch 
(08)/1994/0-1 (38)}) (6. Bf4 Bg7 7. e3 Nh5 8. Bg3 Nxg3 9. hxg3 Nd7 10. Nxd7
Qxd7 11. cxd5 cxd5 12. Qb3 e6 13. Na4 Qd8 14. Bd3 O-O 15. O-O e5 16. Nb6 Rb8
17. Nxc8 Rxc8 18. dxe5 Bxe5 19. Rad1 Qe7 20. Qxd5 Bxb2 21. Rb1 Rfd8 22. Qe4 Qa3
23. Bc4 b5 24. Bb3 {Alterman,B-Titov,G/Manila olm (12.11.2)/1992/1-0 (40)})
6... cxd5 7. g3 (7. Bg5 Bg7 8. Qb3 Nc6 9. Rd1 Na5 10. Qa3 O-O 11. e3 h6 12. Bh4
g5 13. Bg3 Bf5 14. b4 Nc6 15. Nxc6 bxc6 16. Be2 a5 17. b5 cxb5 18. Nxb5 Qd7 19.
O-O Rfc8 20. Rc1 Ne4 21. Rxc8+ Rxc8 22. Qxa5 Rc2 23. Re1 Nxg3 24. hxg3 {
Dao,T-Varga,Z/Budapest FS FebGM (02)/1995/1-0 (68)}) 7... Bg7 8. Bg2 O-O 9. O-O
b5 (9... e6 10. Bg5 {Yermolinsky,A-Kogan,B/Asheville/1992/}) 10. Qb3 $1 Bb7 (
10... e6 11. a4 bxa4 12. Nxa4 $16) 11. Bg5 Ne4 (11... e6 12. a4 Qb6 13. e3 b4
14. a5 Qd6 15. Ra4 $1 $16) 12. Bxe7 $1 Qxe7 13. Nxd5 Qe6 (13... Bxd5 14. Qxd5
Nxg3 15. hxg3 $18) 14. Bxe4 Rd8 (14... Bxe5 15. dxe5 Qxe5 16. Nf6+ Qxf6 17.
Bxb7 Ra7 18. Bd5 $16) 15. Nf6+ $1 (15. Nc3 $6 Bxe4 16. Nxe4 Rxd4 $17) 15...
Bxf6 (15... Qxf6 16. Bxb7 Ra7 17. Bd5 $18) 16. Qxe6 fxe6 17. Bxb7 Ra7 18. Bg2
Rxd4 19. Nd3 Rc7 20. Rac1 Rdc4 (20... Rdd7 21. Nc5 $18) 21. b3 Rxc1 (21... Rc3
22. Rxc3 Rxc3 23. Rc1 Rxc1+ 24. Nxc1) 22. Rxc1 Rxc1+ 23. Nxc1 Kf7 24. h4 Be7 (
24... Ke7 25. Nd3 Kd6 26. Kf1 $16) 25. Nd3 Bd6 26. b4 Bc7 (26... Nd7 27. Bb7)
27. Bb7 a5 28. bxa5 Bxa5 29. Kg2 Bc3 30. Bc8 Nc6 (30... Ke7 31. Nf4 $18) 31.
Nc5 e5 32. Bd7 Na7 (32... Nd4 33. e3 $18) 33. Be6+ Ke7 34. Bg8 h6 (34... Kf8
35. Bd5 $18) 35. Kf3 Nc8 36. Ke4 Bd4 (36... Nd6+ 37. Kd5 Ne8 38. Kc6 b4 39. Bd5
Nf6 40. e4 $18) 37. Nd3 Nd6+ 38. Kd5 Ne8 39. Nxe5 Bxf2 (39... Nf6+ 40. Kxd4 $18
) 40. Nxg6+ Kd8 (40... Kf6 41. Nf4 Kg7 42. Be6 Bxg3 $4 43. Nh5+ $18) 41. Kc6
Nf6 42. Be6 b4 (42... Bxg3 43. Kxb5 $18) 43. g4 Ne4 44. Bd5 Nc3 45. e4 Ne2 46.
Kb5 (46. e5 Nd4+ 47. Kc5 Nf3+ 48. Kxb4 Nxh4 49. Nxh4 Bxh4 50. Kc5 $18) 46...
Be1 47. e5 Kc7 48. e6 (48. e6 Nc3+ 49. Kc4 Nxd5 50. Kxd5 Bf2 51. g5 hxg5 52.
Ne5 Kd8 53. hxg5 $18) 1-0

[Event "Women-Veterans"]
[Site "Prague"]
[Date "1995.??.??"]
[Round "1"]
[White "Kortschnoj, Viktor Lvovich"]
[Black "Ioseliani, Nana"]
[Result "1-0"]
[WhiteElo "2635"]
[BlackElo "2475"]
[PlyCount "99"]
[EventDate "1995.07.??"]
[EventType "schev"]
[EventRounds "5"]
[EventCountry "CZE"]
[SourceTitle "CBM 048"]
[Source "ChessBase"]
[SourceDate "1995.10.01"]
[SourceVersion "1"]
[SourceVersionDate "1995.10.01"]
[SourceQuality "1"]

1. d4 d5 2. c4 e6 3. Nc3 Bb4 4. a3 Bxc3+ 5. bxc3 Ne7 6. e3 O-O 7. Nf3 c5 8. a4
Qc7 9. cxd5 exd5 10. Ba3 b6 11. Bd3 Ba6 12. Bxa6 Nxa6 13. Qd3 c4 14. Qb1 Rfe8
15. O-O Nb8 16. a5 bxa5 17. Bxe7 Qxe7 18. Rxa5 Rd8 19. Re1 Nc6 20. Rc5 Rab8 21.
Qc2 Rbc8 22. e4 Ne5 23. Nxe5 Rxc5 24. Nxf7 Kxf7 25. dxc5 dxe4 26. c6 Re8 27.
Qd2 Qc5 28. Qf4+ Kg8 29. Rxe4 Rf8 30. Qe3 Qxc6 31. Qd4 Rc8 32. Re7 Qf6 33. Qd5+
Kh8 34. Qxc4 Rd8 35. Re1 h6 36. h4 Rf8 37. Qc5 Kg8 38. Re4 a6 39. f3 Rd8 40.
Qc4+ Qf7 41. Qxa6 Rd1+ 42. Kf2 Rd2+ 43. Re2 Qd7 44. Qc4+ Kh8 45. Rxd2 Qxd2+ 46.
Kg3 Qd6+ 47. Qf4 Qc5 48. Qd4 Qc7+ 49. Kf2 Qe7 50. c4 1-0

[Event "Women-Veterans"]
[Site "Prague"]
[Date "1995.??.??"]
[Round "9"]
[White "Kortschnoj, Viktor Lvovich"]
[Black "Xie, Jun"]
[Result "1-0"]
[WhiteElo "2635"]
[BlackElo "2540"]
[Annotator "Ftacnik,L"]
[PlyCount "71"]
[EventDate "1995.07.??"]
[EventType "schev"]
[EventRounds "5"]
[EventCountry "CZE"]
[SourceTitle "CBM 048"]
[Source "ChessBase"]
[SourceDate "1995.10.01"]
[SourceVersion "1"]
[SourceVersionDate "1995.10.01"]
[SourceQuality "1"]

1. d4 Nf6 2. c4 g6 3. Nc3 Bg7 4. e4 d6 5. Be2 O-O 6. Nf3 e5 7. O-O Nc6 8. d5
Ne7 9. Ne1 Nd7 10. Be3 f5 11. f3 f4 12. Bf2 g5 13. a4 h5 14. a5 Ng6 15. Nb5 Nf6
16. Nxa7 Bd7 (16... g4 17. Nxc8 g3 18. hxg3 fxg3 19. Bxg3 h4 20. Bh2 Nf4 $5 21.
Bxf4 exf4 22. Nd3 $5) 17. c5 g4 (17... Rxa7 18. c6 b6 (18... Ra8 19. cxb7 $1
Rb8 20. a6 g4 21. Qb3 $18) (18... bxc6 19. Bxa7 c5 20. Qc2 Qa8 21. Bxc5 dxc5
22. Qxc5 $16) 19. axb6 $3 Rxa1 20. Qxa1 cxb6 21. cxd7 $16) 18. c6 (18. Kh1 g3
$1 19. Bg1 dxc5 $2 (19... gxh2 20. Bf2 h4 $1 21. c6 $8 bxc6 22. Nxc6 Qe8 $15)
20. Nb5 $1 Ne8 21. d6 c6 22. Nc7 $1 Nxc7 23. dxc7 Qxc7 24. Bc4+ Kh7 25. Bxc5
$16 {Finegold,B-Kreiman,B/USA-ch/1994/}) 18... g3 (18... bxc6 19. Nxc6 Bxc6 20.
dxc6 g3 21. hxg3 fxg3 22. Bxg3 h4 23. Bf2 Nh5 24. f4 Ng3 25. Bc4+ Kh7 26. f5
Nf4 27. Bxg3 hxg3 28. Rxf4 exf4 29. Qh5+ {1-0/Ikonnikov,V-Ostrovsky,Y/Metz op 
(02)/1994/}) 19. hxg3 fxg3 20. Bxg3 Rxa7 (20... h4 21. Bf2 bxc6 22. Nxc6 Bxc6
23. dxc6 Nh5 24. Bc4+ Kh8 25. f4 Ngxf4 26. Qg4 Bf6 27. Nf3 Qe7 {Siebrecht,
S-Loginov,V/Budapest FS FebGM (02)/1994/0-1 (35)}) 21. cxd7 h4 (21... Nxd7 22.
f4 $5 exf4 (22... Nxf4 23. Bxh5 Qg5 24. Bxf4) 23. Bf2 Ra8 24. Bxh5 Nde5 25.
Bxg6 $5 Nxg6 26. Qh5 Ne5 27. Ra3 $5 Qe8 $5 28. Qg5 Rf7 29. Bd4 Nc4 $1 30. Rh3
Qxe4 31. Bxg7 Rxg7 32. Qxf4 Re8 $1 {Schmidt,Wl-Hernandez,Gi/Moscow olm/1994/0.
5 (50)}) 22. Bf2 Ra8 23. Nc2 Bh6 24. Ne3 Bf4 25. Nf5 {[%csl Gf5] The absence
on white square B comes rather handy, Nf5 is very strong for both defence and
attack.} Nh5 (25... Qxd7 26. Nxh4 Nxh4 27. Bxh4 Qh7 28. g3 $16) 26. Bb5 Ng3 27.
Qc2 Qg5 (27... Nxf1 28. Kxf1 $18 {/\Ra3}) 28. Rfd1 Rf7 (28... Nxf5 29. exf5 Ne7
(29... h3 30. g4 Nh4 31. Kh1 Nxf3 32. Be2 Nh4 (32... Qxg4 33. Rg1 $18) 33. Rd3
h2 34. Rh3 $18) 30. Bd3 Nxf5 (30... h3 31. g4) 31. Bxf5 Qxf5 32. Qxf5 Rxf5 33.
Bxh4 Bg5 34. Bxg5 Rxg5 35. Rdc1 $18) 29. a6 h3 (29... bxa6 30. Rxa6 Raf8 (30...
Rxa6 31. Nh6+ $3 $18) 31. Qxc7 Nxf5 32. exf5 h3 33. g4 Nh4 34. Rxd6 Nxf3+ 35.
Kh1 Rg7 36. d8=Q $18) 30. Bxg3 Bxg3 31. axb7 Raf8 32. gxh3 $1 {[%cal Gc2g2]
White doesn t have to worry about black s threat since he has Qg2 at his
disposal.} Nf4 (32... Bf4+ 33. Qg2 $18) 33. Bf1 Rh7 (33... Bh4+ 34. Kh1 $18)
34. Ra8 Rxh3 35. Rxf8+ Kh7 (35... Kxf8 36. b8=Q+) 36. Rf7+ (36. Rf7+ Kg6 37.
Rg7+) 1-0

[Event "Antwerp op"]
[Site "Antwerp"]
[Date "1995.??.??"]
[Round "2"]
[White "Kortschnoj, Viktor Lvovich"]
[Black "Ravia, Mosi"]
[Result "1-0"]
[WhiteElo "2635"]
[BlackElo "2330"]
[PlyCount "113"]
[EventDate "1995.08.??"]
[EventType "swiss"]
[EventRounds "9"]
[EventCountry "BEL"]
[SourceTitle "EXT 1997"]
[Source "ChessBase"]
[SourceDate "1996.11.15"]
[SourceVersion "1"]
[SourceVersionDate "1996.11.15"]
[SourceQuality "1"]

1. c4 Nf6 2. Nc3 e6 3. e4 d5 4. e5 d4 5. exf6 dxc3 6. bxc3 Qxf6 7. Nf3 c5 8.
Bd3 Nc6 9. Be4 Bd6 10. d4 h6 11. O-O O-O 12. Rb1 e5 13. dxc5 Bxc5 14. Re1 Bb6
15. Ba3 Re8 16. Qa4 Bc7 17. Nd2 Rb8 18. Bd5 Qg6 19. Ne4 Bf5 20. Re3 Bxe4 21.
Rxe4 Kh8 22. Kf1 f5 23. Ree1 Red8 24. Bc5 b6 25. Ba3 Na5 26. Be7 Rdc8 27. Qd7
Qe8 28. Qe6 Nb7 29. Bb4 Qxe6 30. Bxe6 Rd8 31. Bxf5 Rd2 32. Re2 Rbd8 33. Be4
Rd1+ 34. Re1 Rxb1 35. Rxb1 Nd6 36. Bd5 Rb8 37. Ba3 Kh7 38. c5 bxc5 39. Rxb8
Bxb8 40. c4 Kg6 41. Bxc5 Kf6 42. Ke2 Ke7 43. Kf3 Kf6 44. Bb4 Nf5 45. Ke4 Nd6+
46. Kd3 Nf5 47. c5 Bc7 48. Ke4 Nd4 49. f4 Ne2 50. fxe5+ Bxe5 51. Kd3 Nc1+ 52.
Ke3 Bxh2 53. Bc3+ Kg5 54. c6 Bf4+ 55. Kf3 Nd3 56. Bd2 Ne5+ 57. Ke4 1-0

[Event "Antwerp op"]
[Site "Antwerp"]
[Date "1995.??.??"]
[Round "3"]
[White "Van der Vorm, Teun"]
[Black "Kortschnoj, Viktor Lvovich"]
[Result "0-1"]
[WhiteElo "2405"]
[BlackElo "2635"]
[PlyCount "134"]
[EventDate "1995.08.??"]
[EventType "swiss"]
[EventRounds "9"]
[EventCountry "BEL"]
[SourceTitle "EXT 1997"]
[Source "ChessBase"]
[SourceDate "1996.11.15"]
[SourceVersion "1"]
[SourceVersionDate "1996.11.15"]
[SourceQuality "1"]

1. e4 e6 2. d4 d5 3. Nc3 Bb4 4. e5 c5 5. a3 Bxc3+ 6. bxc3 Qc7 7. Nf3 Ne7 8. a4
b6 9. Bb5+ Bd7 10. Bd3 Nbc6 11. O-O c4 12. Be2 f6 13. Re1 O-O-O 14. Ba3 Be8 15.
Bf1 Qd7 16. exf6 gxf6 17. Qe2 Bf7 18. g3 Nf5 19. Bh3 Rde8 20. Qd2 Bg6 21. Qf4
Qc7 22. Qxc7+ Kxc7 23. Re2 Bh5 24. Bxf5 exf5 25. Rxe8 Rxe8 26. Re1 Rxe1+ 27.
Nxe1 a5 28. f3 Na7 29. Kf2 b5 30. Ng2 bxa4 31. Ne3 Nb5 32. Bb2 a3 33. Ba1 Kc6
34. Nxf5 Nc7 35. Ne3 Ne6 36. g4 Bg6 37. Kg3 Ng7 38. f4 Be4 39. f5 h6 40. Kf4
Bh1 41. h4 Kd6 42. h5 Ne8 43. Kg3 Be4 44. Kf2 Kc6 45. Ke2 Nd6 46. Kf2 Nf7 47.
Ke2 Ng5 48. Kf2 Kb5 49. Ke2 Nh3 50. Kf1 Bf3 51. Ke1 Kc6 52. Kf1 Bh1 53. Ke2 Ng5
54. Ke1 Ne4 55. Ke2 a2 56. Bb2 Nd6 57. Kf2 Be4 58. Ke2 Nb5 59. Ba1 a4 60. Bb2
Na3 61. g5 a1=Q 62. Bxa1 fxg5 63. f6 Kd7 64. Ng4 Nxc2 65. Nxh6 Nxa1 66. Nf7
Bd3+ 67. Kf3 Ke6 0-1